00000000cam 2200000za 4500
0019.687440
003CaOODSP
00520260105075552
007cr |||||||||||
008150407|2005||||xxc|||||o    f|0| 0 eng d
020 |a0-662-40023-2
040 |aCaOODSP|beng
043 |an-cn---
0861 |aM39-115/2005E-PDF
24500|aRETScreen® software online user manual - photovoltaic project model / |h[electronic resource]|c[By] RETScreen® International Clean Energy Decision Support Centre.
260 |aQuébec - Quebec : |bNatural Resources Canada. |cc1997-2005.
300 |a112p.|bgraphs, map
504 |aBibliography.
590 |a10-01-Supp|b2010-04-07
69007|aSolar energy|2gcpds
69007|aAlternative energy|2gcpds
69007|aEnergy technology|2gcpds
7101 |aCanada. |bEnergy Technology Branch.
77508|tRETScreen® software online user manual - photovoltaic project model |w(CaOODSP)9.674417
77508|tLogiciel RETScreen® manuel de l'utilisateur en ligne - modèle pour projets d'installation photovoltaïque |w(CaOODSP)9.674418
85640|ahttp://publications.gc.ca|qPDF|s855 KB|uhttps://publications.gc.ca/collections/collection_2008/nrcan/M39-115-2005E.pdf